• 首页
  • 本馆介绍
  • 公告通知
  • 最新文献
  • 馆藏检索
  • 电子资源
  • 读者导购
  • 参考咨询
  • 我的图书馆
  • 登录
  • 详细信息显示
  • 放入我的书架
  • 预约/预借图书
  • 作者相关作品
  • 分类相关作品
  • 丛书相关作品
  • 出版社相关作品

书目信息

  • 表格格式
  • 工作单格式
  • 卡片格式
题名:
小学生优秀作文选
    
 
作者: ;河北省写作研究会 , 河北省教育委员会普教处 选编
分册:  
出版信息: 石家庄   河北教育出版社  1989
页数: 175页
开本: 19cm
丛书名:
单 册:
中图分类: H194.4
科图分类: 41.27
主题词: 作文--小学--选集
电子资源:
ISBN: 7-5434-0437-0
000 00900nam0 2200241 45
001 0193039159
005 20070721101132.35
010    @a7-5434-0437-0@dCNY1.55
100    @a19930916e1989 cdmy0chiy0121 ea
101 0  @achi
102    @aCN@b130000
105    @ay z 000yy
200 10 @a小学生优秀作文选@AXIAO XUE SHENG YOU XIU ZUO WEN XUAN@f河北省写作研究会,河北省教育委员会普教处选编@Fhe bei sheng xie zuo yan jiu hui,he bei sheng jiao yu wei yuan hui pu jiao chu xuan bian
210    @a石家庄@c河北教育出版社@d1989
215    @a175页@d19cm
540 1  @a小学生 作文@AXIAO XUE SHENG ZUO WEN
606    @a作文@x小学@x选集
690    @aH194.4@v三版
692    @a41.27
711 02 @a河北省写作研究会@Ahe bei sheng xie zuo yan jiu hui@4选编
711 02 @a河北省教育委员会普教处@Ahe bei sheng jiao yu wei yuan hui pu jiao chu@4选编
801  0 @aCN@bTSSF@c20070721
905    @a10447@dH194.4@e262
    
    小学生优秀作文选/河北省写作研究会,河北省教育委员会普教处选编.-石家庄:河北教育出版社,1989
    175页;19cm
    
    
    ISBN 7-5434-0437-0:CNY1.55
    
●
相关链接 在E读中查询图书 在五车中查询图书 在当当中查询图书 在豆瓣中查询图书


正题名:小学生优秀作文选     索取号:H194.4/262         预约/预借

序号 登录号 条形码 馆藏地/架位号 状态 备注
1 0767921   207679216   第二样本阅览室/ [索取号:H194.4/262] 在馆    
唐山师范学院图书馆 欢迎您!
大连网信软件有限公司© 版权所有